000 00759nam a2200229Ia 4500
005 20241129105929.0
008 241129s9999||||xx |||||||||||||| ||und||
020 _a978-81-267-0541-2
037 _aTB
040 _aARTS
_bhin
_cARTS
041 _ahin
_2hin
084 _aO152,3N1511,2 M1;Q1
_qARTS
100 _aसाहनी, भीष्म, ले.
245 0 _aकबिरा खड़ा बज़ार में
_cसाहनी, भीष्म, ले.
250 _a12
260 _aनई दिल्ली, भारत
_bराजकमल प्रकाशन
_c2018
300 _a127पृ0
365 _aINR
_b395
650 _aHindi Fiction
942 _cTB
_hO152,3N1511,2 M1;Q1
999 _c1226636
_d1226636